Ξεκλειδώνοντας το κείμενο : μια εισαγωγή στη θεωρία της λογοτεχνίας

Saved in:
Bibliographic Details
Main Author: Hawthorn, Jeremy
Other Authors: Αθανασοπούλου, Μαρία (trlf)
Format: Book
Language:Greek
English
Published: Ηράκλειο : Πανεπιστημιακές Εκδόσεις Κρήτης, 1995.
Edition:2η έκδ.
Series:Θεωρία και κριτική της λογοτεχνίας
Subjects:
Tags: Add Tag
No Tags, Be the first to tag this record!

MARC

LEADER 00000cam a2200000 i 4500
001 1/33066
008 960802s1995 gr | ||| |||| ||gre||
020 |a 9607309464  
035 |1 ΕΛΗ  |a 1996  |b 0108  |c ΒΙΒΛΙΟΘΗΚΗ  |l 10039267 
035 |a 1995  |b 3  |c Αναγνωστοπούλου 
035 |a 1998  |b 1  |c ΚΠΣ/Ν 
040 |a GR-MY-UA  |b gre  |e aacr 
041 1 |a gre  |h eng 
082 0 |a 801 
100 1 |a Hawthorn, Jeremy. 
245 1 0 |a Ξεκλειδώνοντας το κείμενο :   |b μια εισαγωγή στη θεωρία της λογοτεχνίας /   |c Jeremy Hawthorn ; μετάφραση Μαρία Αθανασοπούλου.  
250 |a 2η έκδ.  
260 |a Ηράκλειο :   |b Πανεπιστημιακές Εκδόσεις Κρήτης,   |c 1995.  
300 |a 255 σ. ;   |c 24 εκ.  
490 1 |a (Θεωρία και κριτική της λογοτεχνίας) 
500 |a Τίτλος πρωτοτύπου: Unlocking the text: fundamental issues in literary theory 
650 0 0 |a Literature  |x Philosophy. 
700 1 |a Αθανασοπούλου, Μαρία,  |e trlf 
830 0 |a Θεωρία και κριτική της λογοτεχνίας 
852 |a INST  |b RHODES  |e 19980622  |h 801 HAW  |p 005400006269  |q 005400006269  |t BK  |y 0 
852 |a INST  |b RHODES  |e 19960829  |h 801 HAW  |p 005400011574  |q 005400011574  |t BK  |y 0 
852 |a INST  |b SAMOS  |e 19960802  |h 801 HOW  |p 005300009455  |q 005300009455  |t BK  |y 0 
909 |a Σ  |b 041751 
909 |a Ρ  |b 043040 
909 |a Ρ  |b 053450